Frank Lloyd Wright (1867-1959) : (Record no. 11452)

MARC details
000 -LEADER
campo de control de longitud fija 00394nam a2200133Ia 4500
005 - FECHA Y HORA DE LA ÚLTIMA TRANSACCIÓN
campo de control 20260328104324.0
008 - DATOS DE LONGITUD FIJA--INFORMACIÓN GENERAL
campo de control de longitud fija 260328s9999||||xx |||||||||||||| ||und||
100 ## - ENTRADA PRINCIPAL--NOMBRE DE PERSONA
Nombre de persona Brooks Pfeiffer, Bruce
245 #0 - MENCIÓN DEL TÍTULO
Título Frank Lloyd Wright (1867-1959) :
Resto del título Construir para la democracia /
Mención de responsabilidad, etc. Bruce Brooks Pfeiffer
260 ## - PUBLICACIÓN, DISTRIBUCIÓN, ETC.
Nombre del editor, distribuidor, etc. Taschen
300 ## - DESCRIPCIÓN FÍSICA
Extensión 96 p.
650 ## - PUNTO DE ACCESO ADICIONAL DE MATERIA--TÉRMINO DE MATERIA
Término de materia o nombre geográfico como elemento de entrada FRAN LLOYD WRIGHT ( 1867-1959)
942 ## - ELEMENTOS DE ENTRADA SECUNDARIOS (KOHA)
Tipo de ítem Koha Libros
Holdings
Estatus retirado Estado de pérdida Estado de daño No para préstamo Colección Biblioteca de origen Biblioteca actual Ubicación en estantería Fecha de adquisición Número de inventario Total de préstamos Signatura topográfica completa Código de barras Visto por última vez Copia número Precio de reemplazo Tipo de ítem Koha
        General Biblioteca Gonzalo Peláez Caldas Biblioteca Gonzalo Peláez Caldas Colección general 28/03/2026 5700   A 920 P 476 5700 28/03/2026 1 28/03/2026 Libros